UBT Library

Microsoft Office 2007: (Record no. 1159)

000 -LEADER
fixed length control field 00504nam a22001697a 4500
008 - FIXED-LENGTH DATA ELEMENTS--GENERAL INFORMATION
fixed length control field 150923b xxu||||| |||| 00| 0 eng d
020 ## - INTERNATIONAL STANDARD BOOK NUMBER
International Standard Book Number 9781418843250
020 ## - INTERNATIONAL STANDARD BOOK NUMBER
International Standard Book Number 1418843253
041 0# - LANGUAGE CODE
Language code of text/sound track or separate title eng
080 ## - UNIVERSAL DECIMAL CLASSIFICATION NUMBER
Universal Decimal Classification number 004.42
245 ## - TITLE STATEMENT
Title Microsoft Office 2007:
Statement of responsibility, etc Gary B. Shelly; Thomas J. Cashman; Misty E. Vermaat;
260 ## -
-- USA:
-- Course Technology;
-- 2008.
300 ## -
-- PPT 160 f.:
-- me il.;
-- 25 cm.
650 #0 -
-- Kompjuterët
650 #0 -
-- Programet
942 ## - ADDED ENTRY ELEMENTS (KOHA)
Source of classification or shelving scheme
Item type Books
Holdings
Withdrawn status Lost status Source of classification or shelving scheme Damaged status Not for loan Collection code Permanent location Current location Shelving location Date acquired Total Checkouts Full call number Barcode Date last seen Price effective from Koha item type
          Koleksioni i përgjithshem UBT - Lipjan UBT - Lipjan Koleksioni i përgjithshem 09/23/2015   004.42 SHEL 002-007654 07/28/2017 09/23/2015 Books
UBT Library © 2015-2024. All rights reserved University Education for Business and Technology